=LDR 00000nam 2200000 4500 =001 INLIS000000001052451 =005 20240829032222 =035 ##$$a 0010-0824000269 =007 ta =008 240829################a##########j###### =020 ##$$a 978-89-6509-642-9 =082 ##$$a 028.55 =084 ##$$a 028.55 SHI s =100 #$$a Shin Wo =245 1#$$a Siapa itu? /$c Shin Wo =260 ##$$a Gyeonggi-do :$b Tongkeun World =300 ##$$a 27 hlm. : $b ilus. ; $c 25,5 cm =600 #4$$a Bacaan kanak-kanak =990 ##$$a 3202401838